Numerical solution of ordinary and partial differential equations (Record no. 1973)

MARC details
000 -LEADER
fixed length control field 00589 a2200181 4500
001 - CONTROL NUMBER
control field 068270
003 - CONTROL NUMBER IDENTIFIER
control field OSt
005 - DATE AND TIME OF LATEST TRANSACTION
control field 20220215163619.0
008 - FIXED-LENGTH DATA ELEMENTS--GENERAL INFORMATION
fixed length control field
082 ## - DEWEY DECIMAL CLASSIFICATION NUMBER
Classification number 518.63
Item number S89N
100 1# - MAIN ENTRY--PERSONAL NAME
Personal name Sewell, Granville
245 1# - TITLE STATEMENT
Title Numerical solution of ordinary and partial differential equations
Statement of responsibility, etc by Granville Sewell
250 ## - EDITION STATEMENT
Edition statement 2nd ed.
260 ## - PUBLICATION, DISTRIBUTION, ETC. (IMPRINT)
Place of publication, distribution, etc India
Name of publisher, distributor, etc Wiley
Date of publication, distribution, etc 2005
300 ## - PHYSICAL DESCRIPTION
Extent 333p.
653 ## - INDEX TERM--UNCONTROLLED
Uncontrolled term Differential equations--Numerical solutions--Data processing; Differential equations, Partial--Numerical solutions--Data processing
942 ## - ADDED ENTRY ELEMENTS (KOHA)
Source of classification or shelving scheme Dewey Decimal Classification
Koha item type Books
Holdings
Withdrawn status Lost status Source of classification or shelving scheme Damaged status Not for loan Collection code Home library Current library Date acquired Source of acquisition Cost, normal purchase price Full call number Barcode Date last seen Price effective from Koha item type
    Dewey Decimal Classification     General Text Book Central University Of Rajasthan Central University Of Rajasthan 07/03/2012 MTH 5630.00 518.63 S89N 2557 21/11/2024 02/09/2020 Books